000
00303nam a22001337a 4500
008
170508b xxu||||| |||| 00| 0 eng d
020
_a
9781599410357
041
_a
eng
080
_2
8TH
_a
342
100
_a
15
101
_a
SHJ
245
_a
TORT LAW AND ALTERNATIVES
_c
FRANKLIN, M.A
942
_2
udc
_c
BK
999
_c
12983
_d
12983